[Event "Michigan Open Reserve"]
[Site "Lansing, MI"]
[Date "2002.09.02"]
[Round "6.3"]
[White "Sundeen, David"]
[Black "Gadson, Joseph"]
[Result "1-0"]
[WhiteElo "1647"]
[BlackElo "1768"]
[Annotator "Jeff Aldrich"]
[PlyCount "118"]
[EventDate "2002.08.30"]

{Sicilian: Closed} 1. e4 c5 2. Nc3 Nc6 3. g3 g6 4. Bg2 Bg7 5. d3 e6 6. Be3 b6
7. Qd2 Nge7 {Black's opening is not going well. His dark-squares are already
extremely weak. This knight will be a defensive liability against the coming
attack.} 8. Bh6 O-O 9. h4 f5 (9... d5 {seems to be more consistent. It is
definitely much more esthetically pleasing.}) 10. h5 Rf7 11. hxg6 hxg6 12. Bxg7
Rxg7 13. Qh6 Kf7 14. Nf3 Qg8 15. Ng5+ Ke8 16. Nb5 Kd8 17. O-O-O Ba6 18. Nd6 Kc7
19. e5 Nxe5 $6 ({Maybe Black does not need to give up any material. He is not
in any direct danger, just down a little bit positionally:} 19... Nd5 20. f4
Ne3) 20. Bxa8 Ng4 $2 {DIAGRAM} ({Got to get that thorn out of his side:} 20...
Kxd6) 21. Qh8 $2 ({White misses his chance to put the game away quickly:} 21.
Qxg7 $1 Qxg7 22. Ne8+) 21... Qxh8 22. Rxh8 Kxd6 {White now spends the
remainder of the game wearing Black down.} 23. f3 Nf6 24. Rdh1 Kc7 25. R1h4 Bc8
26. f4 d5 27. c4 Nfg8 28. R4h7 Rxh7 29. Nxh7 Kb8 30. cxd5 exd5 31. Bxd5 Nxd5
32. Rxg8 Nb4 33. Kd2 Nxa2 34. Rxg6 Nb4 35. Nf8 Kc7 36. Rg7+ Kd8 37. Rxa7 Ba6
38. Nd7 Bxd3 39. Nxb6 Be4 40. Rg7 Ke8 41. Nc4 Kf8 42. Rc7 Nd3 43. Nd6 Nxb2 44.
Nxe4 fxe4 45. Rxc5 Kf7 46. Ke3 Na4 47. Rc6 Nb2 48. Kxe4 Nd1 49. g4 Nf2+ 50. Kf5
Nd1 51. Rc7+ Kf8 52. Kf6 Ke8 53. Ke6 Kf8 54. f5 Ne3 55. g5 Ng2 56. f6 Nf4+ 57.
Kf5 Ke8 58. Kxf4 Kf8 59. g6 Ke8 1-0

[Event "Michigan Open Reserve"]
[Site "Lansing, MI"]
[Date "2002.09.02"]
[Round "7.11"]
[White "Steen, Harold"]
[Black "Holden, Anthony"]
[Result "0-1"]
[WhiteElo "1642"]
[BlackElo "1551"]
[Annotator "Tim McGrew"]
[PlyCount "36"]
[EventDate "2002.08.30"]

{Queen's Pawn: Zukertort (Anti-Torre)} 1. d4 d5 2. Nf3 Bg4 {This audacious
move leaves the pawn at b7 weak. White should move to take advantage of this
immediately, and 3.c4 is a pretty good way to do it -- if he follows up
correctly.} 3. c4 dxc4 4. Qa4+ {But this looks like a bit of a loss of time.} (
{The sharp way to handle the position is} 4. Ne5 $5 {, when things can explode
in a hurry:} Bf5 5. Nc3 f6 {Scan this position carefully. What undefended
piece does White have his eye on? That's right -- it's the rook on a8!!} 6. e4
Be6 7. Qh5+ g6 8. Nxg6 Bf7 9. Qb5+ c6 10. Qxb7 hxg6 11. Qxa8 {Did I mention
the undefended rook on a8?} Qc7 12. d5 cxd5 13. Nxd5 Qe5 14. Bxc4 e6 15. Bb5+
Kd8 16. Bf4 $1 Qxe4+ 17. Kf1 {and Black threw in the towel, Marshall-Judd, USA
1904}) 4... Qd7 5. Qxc4 Bxf3 6. gxf3 Nc6 7. e3 e5 8. d5 O-O-O $5 {Very bold,
but White has invited this by his casual attitude toward getting pieces off of
the back rank.} 9. Nc3 Nb4 $1 10. Nb5 a6 $4 {With all eyes on the queen-side,
it is hard to remember that there are other pieces that might join the attack
from an unexpected direction. Here, for a move, both sides blink.  DIAGRAM} 11.
d6 $4 (11. Bh3 $1 {wins the Queen for two pieces because of the mate threat on
c7:} axb5 (11... Qxh3 $4 12. Qxc7#) 12. Bxd7+ Rxd7 13. Qb3 $18) 11... Bxd6 {
Now that c7 is defended by something other than the queen, the advantage
swings back over to Black.} 12. Nxd6+ Qxd6 13. Be2 Ne7 14. O-O {The shattered
king-side pawns make for a very drafty castle. But the queen-side was hardly
an alternative.} h5 15. Kh1 h4 16. Rd1 $2 {One last error: White does not
calculate the series of checks to its finish. Black does.} Qxd1+ $3 17. Bxd1
Rxd1+ 18. Kg2 h3+ 0-1

[Event "Michigan Open Reserve"]
[Site "Lansing, MI"]
[Date "2002.09.02"]
[Round "7.14"]
[White "Staples, Christian"]
[Black "Griffin, John"]
[Result "1-0"]
[WhiteElo "1775"]
[BlackElo "1500"]
[PlyCount "111"]
[EventDate "2002.08.30"]

1. e4 c5 2. Nf3 Nc6 3. c3 d5 4. exd5 Qxd5 5. d4 e6 6. Be2 Nf6 7. O-O Be7 8. Na3
O-O 9. Nc2 a6 10. Ne3 Qd8 11. dxc5 Bxc5 12. b4 Be7 13. a4 Qxd1 14. Rxd1 Rd8 15.
Bb2 b6 16. Rxd8+ Nxd8 17. Rd1 Kf8 18. b5 axb5 19. Bxb5 Ba6 20. c4 Bxb5 21. axb5
Bc5 22. h3 Ke7 23. Ne5 Ra2 24. Nd3 Nb7 25. Kf1 g6 26. Ra1 Rxa1+ 27. Bxa1 Nd7
28. Nxc5 Nbxc5 29. Ke2 f5 30. f3 Kd6 31. Bb2 Ne5 32. g3 g5 33. f4 Nf7 34. Bf6
gxf4 35. gxf4 Nd7 36. Bd4 Nd8 37. Kd2 Nb7 38. Kc3 Nbc5 39. Bg7 Ne4+ 40. Kb4 Nf2
41. c5+ bxc5+ 42. Ka5 Kc7 43. Nc4 Nd3 44. b6+ Kb7 45. Kb5 Nxf4 46. Nd6+ Ka8 47.
b7+ Ka7 48. Kc6 Nb8+ 49. Kxc5 Nxh3 50. Kb5 Nd7 51. Bd4+ Kb8 52. Kc6 Nf8 53. Bb6
Nd7 54. Kxd7 f4 55. Bc7+ Ka7 56. b8=Q+ 1-0

[Event "Michigan Open"]
[Site "Lansing, MI"]
[Date "2002.09.02"]
[Round "6.16"]
[White "Spooner, Frank"]
[Black "Aldrich, Jeff"]
[Result "0-1"]
[WhiteElo "1729"]
[BlackElo "1907"]
[PlyCount "122"]
[EventDate "2002.08.30"]

1. Nf3 d5 2. e3 Nf6 3. b3 Bg4 4. Bb2 e6 5. h3 Bh5 6. Be2 c5 7. Ne5 Bxe2 8. Qxe2
a6 9. O-O Be7 10. d3 O-O 11. Nd2 Nbd7 12. f4 Rc8 13. Ndf3 b5 14. g4 Nxe5 15.
Nxe5 Nd7 16. Qf3 c4 17. Bd4 f6 18. Nxd7 Qxd7 19. Qg3 b4 20. dxc4 dxc4 21. Rad1
Qc6 22. Qg2 Qb5 23. Qe4 Rc6 24. Rf2 Rfc8 25. bxc4 Qxc4 26. Qd3 a5 27. Qb3 Qa6
28. f5 a4 29. Qd3 Qxd3 30. cxd3 e5 31. Bb2 a3 32. Ba1 Rc2 33. Rdf1 R2c6 34. d4
Bd6 35. g5 Kf7 36. Rg2 fxg5 37. dxe5 Be7 38. f6 gxf6 39. exf6 Bc5 40. Bd4 Bxd4
41. exd4 Rxf6 42. Rd1 h6 43. Re2 Rf3 44. d5 Rxh3 45. d6 Rhc3 46. d7 Rd8 47.
Rf1+ Kg6 48. Rd1 Rc7 49. Rd6+ Kf7 50. Rxh6 Rcxd7 51. Rb6 Rd1+ 52. Kg2 R8d4 53.
Kf3 R1d3+ 54. Kf2 g4 55. Rb5 g3+ 56. Kg2 Rh4 57. Rf5+ Kg6 58. Rfe5 Rh2+ 59. Kg1
Rd1+ 60. Re1 Rxe1+ 61. Rxe1 Rxa2 0-1

[Event "Michigan Open Booster"]
[Site "Lansing, MI"]
[Date "2002.09.02"]
[Round "6.10"]
[White "Spindleman, Brian"]
[Black "Droge-Germain, Kurtis"]
[Result "0-1"]
[WhiteElo "960"]
[BlackElo "1168"]
[PlyCount "44"]
[EventDate "2002.08.30"]

1. d4 d5 2. Bg5 h6 3. Bf4 Bf5 4. Nf3 e6 5. Nc3 c6 6. a3 Nf6 7. Nh4 Bh7 8. Nf3
Nbd7 9. Ne5 Nxe5 10. Bxe5 Nd7 11. Bf4 Qb6 12. Rb1 c5 13. Be3 c4 14. Bd2 Qc7 {
...Nb5} 15. Nb5 Qb6 16. Nc3 Bc5 17. e3 Bd6 18. Na2 O-O 19. Bc3 Qc7 20. Rc1 b6
21. g3 Be4 22. Qg4 e5 {Remainder illegible, 35?} 0-1

[Event "Michigan Open"]
[Site "Lansing, MI"]
[Date "2002.09.02"]
[Round "6.13"]
[White "Skidmore, Mike"]
[Black "Decker, Dale"]
[Result "1/2-1/2"]
[WhiteElo "1847"]
[BlackElo "1832"]
[PlyCount "92"]
[EventDate "2002.08.30"]

1. e4 d5 2. exd5 Qxd5 3. Nc3 Qa5 4. Nf3 Nf6 5. Be2 Bg4 6. O-O e6 7. d3 Nbd7 8.
Bd2 c6 9. a3 Qc7 10. h3 Bh5 11. Re1 h6 12. Nd4 Bg6 13. Bg4 e5 14. Bf4 Be7 15.
Bh2 O-O 16. Nf5 Bd8 17. d4 Nxg4 18. hxg4 f6 19. dxe5 fxe5 20. Qd6 Bxf5 21. Qxc7
Bxc7 22. gxf5 Rxf5 23. Rad1 Rf7 24. Ne4 Raf8 25. f3 Nf6 26. Nd6 Bxd6 27. Rxd6
e4 28. fxe4 Nxe4 29. Re6 Nf6 30. Bd6 Rc8 31. b4 Rd8 32. c4 Rdd7 33. c5 Nd5 34.
Rd1 a6 35. Rd2 Nc7 36. Re4 Nd5 37. Re6 Kh7 38. Bg3 Rf5 39. Bd6 Rff7 40. Rd4 Nc7
41. Re3 Nd5 42. Rh3 Rf5 43. g4 Rg5 44. Rg3 Rg6 45. Kg2 Ne7 46. Re4 Nd5 1/2-1/2

[Event "Michigan Open"]
[Site "Lansing, MI"]
[Date "2002.09.02"]
[Round "6.15"]
[White "Skidmore, Jennifer"]
[Black "LaForge, Tom"]
[Result "0-1"]
[WhiteElo "1843"]
[BlackElo "1922"]
[PlyCount "112"]
[EventDate "2002.08.30"]

1. e4 e6 2. d4 d5 3. exd5 exd5 4. Bd3 Nc6 5. c3 Bd6 6. f4 Qf6 7. Ne2 Nge7 8.
O-O Bf5 9. Ng3 Bxd3 10. Qxd3 h5 11. Be3 h4 12. Ne2 Nf5 13. Nd2 Qe6 14. Bf2
O-O-O 15. Nf3 f6 16. Rae1 Qd7 17. c4 Nb4 18. Qb3 dxc4 19. Qxc4 Kb8 20. d5 Be7
21. Rd1 Nxd5 22. Nc3 c6 23. Qa4 b6 24. Rfe1 Nxc3 25. bxc3 Qc7 26. Rb1 Bd6 27.
Re4 Rhe8 28. Rc4 c5 29. Kf1 h3 30. g4 Ne3+ 31. Bxe3 Rxe3 32. Nd4 Ka8 33. Nf5
Rf3+ 34. Ke2 Rxf4 35. Nxd6 Qxd6 36. Rxf4 Qd3+ 37. Kf2 Qxb1 38. Re4 Qb2+ 39. Re2
Qxc3 40. Qe4+ Kb8 41. Qf4+ Kc8 42. Qf5+ Kb7 43. Qe4+ Ka6 44. Qa4+ Qa5 45. Qc4+
Qb5 46. Qc2 Rd7 47. Qe4 Qd3 48. Re3 Qd2+ 49. Re2 Qd5 50. Qe8 Qg2+ 51. Ke3 Qxg4
52. Qc8+ Ka5 53. Qe8 c4 54. Qf8 Rd3+ 55. Kf2 Qg2+ 56. Ke1 Qg1# 0-1

[Event "Michigan Open Reserve"]
[Site "Lansing, MI"]
[Date "2002.09.02"]
[Round "6.2"]
[White "Schey, Danny"]
[Black "Kauffman, Justin"]
[Result "0-1"]
[WhiteElo "1674"]
[BlackElo "1564"]
[Annotator "Jeff Aldrich"]
[PlyCount "52"]
[EventDate "2002.08.30"]

{English: Anglo-Indian} 1. c4 Nf6 2. g3 e6 3. Bg2 Nc6 4. Nf3 Be7 5. O-O O-O 6.
d4 d5 7. Nbd2 Re8 8. b3 b6 9. Bb2 Bb7 10. Rc1 Rc8 11. cxd5 {White wants to
take advantage of the half-open c-file.} exd5 12. Ne5 Nxe5 13. dxe5 Nd7 14. f4
Ba8 {Black positions his bishop so that it will guarded when the center comes
open.} 15. e4 Nc5 16. Qe2 dxe4 17. Nxe4 Qd3 {Black will have an easier time
controlling the d-file with the queens off the board.} 18. Rce1 Red8 19. Nf6+
$2 {Desperation?} ({Simply} 19. Nf2 {and pieces come off the board. Black will
retain a solid advantage, but it is not terminal for White.}) 19... gxf6 20.
Qg4+ Qg6 {White has absolutely nothing to show for the piece sac.} 21. Qh4 Nd3
22. f5 Bc5+ 23. Kh1 Bxg2+ 24. Kxg2 Nxe1+ 25. Kh1 Qg5 26. Qh3 Nd3 0-1

[Event "Michigan Open Reserve"]
[Site "Lansing, MI"]
[Date "2002.09.02"]
[Round "7.22"]
[White "Schell, Ken"]
[Black "Kieliszewski, Greg"]
[Result "1-0"]
[WhiteElo "1500"]
[BlackElo "1479"]
[PlyCount "49"]
[EventDate "2002.08.30"]

1. e4 c5 2. Nf3 e6 3. d4 cxd4 4. Nxd4 Nc6 5. Nc3 a6 6. Be2 Qc7 7. O-O Nf6 8.
Be3 Be7 9. f4 e5 10. Nxc6 dxc6 11. fxe5 Qxe5 12. Bf4 Qc5+ 13. Kh1 O-O 14. Bf3
Be6 15. Qe1 Qa7 16. Qg3 g6 17. h4 h5 18. Bg5 Qb8 19. e5 Re8 20. Be4 Nxe4 21.
Nxe4 Bxg5 22. Qxg5 Kf8 23. Nd6 Re7 24. Qf6 Kg8 25. Qxe7 1-0

[Event "Michigan Open Reserve"]
[Site "Lansing, MI"]
[Date "2002.09.02"]
[Round "6.27"]
[White "Saylor, Oliver"]
[Black "Johnson, Marshall"]
[Result "1-0"]
[WhiteElo "1414"]
[BlackElo "1362"]
[Annotator "Marshall Johnson"]
[PlyCount "63"]
[EventDate "2002.08.30"]

1. e4 c5 2. Nf3 d6 3. Bc4 Nc6 4. a3 g6 5. Nc3 Bg7 6. d3 Nf6 7. Bg5 h6 $6 8. Bf4
O-O 9. Qd2 Kh7 10. h3 a6 11. O-O b5 12. Ba2 e6 $6 13. Rad1 b4 14. Ne2 a5 $6 15.
Rfe1 Qc7 16. Ng3 Rb8 17. e5 Nd7 18. exd6 Qb6 19. axb4 Qxb4 20. b3 g5 21. Be3
Bc3 22. Qe2 Qa3 $2 23. Nxg5+ Kg8 $6 24. Qh5 Bg7 25. N5e4 Qxa2 26. Bxh6 Qb2 27.
d4 Bxd4 28. Qg5+ Kh7 29. Bxf8 Nxf8 $2 30. Rxd4 Qxd4 31. Nf6+ Kh8 $2 32. Qh6+
1-0

[Event "Michigan Open Booster"]
[Site "Lansing, MI"]
[Date "2002.09.02"]
[Round "6.5"]
[White "Sanders, Travis"]
[Black "Williams, Marcus"]
[Result "1-0"]
[WhiteElo "1271"]
[BlackElo "1227"]
[PlyCount "90"]
[EventDate "2002.08.30"]

1. e4 d5 2. e5 Bf5 3. d4 e6 4. Bd3 Bxd3 5. Qxd3 b6 6. c3 Nd7 7. Nf3 Ne7 8. Be3
c5 9. b3 cxd4 10. cxd4 Rc8 11. O-O Nf5 12. Bf4 Be7 13. Nbd2 Nh4 14. Rfc1 Nxf3+
15. Nxf3 O-O 16. Rc2 Rxc2 17. Qxc2 f6 18. Qc6 Kf7 19. Qc2 fxe5 20. Bxe5 Nxe5
21. Nxe5+ Kg8 22. Nc6 Qd7 23. Nxe7+ Qxe7 24. Rc1 Re8 25. Qc7 e5 26. Qc6 exd4
27. Qxd5+ Kh8 28. g3 Rd8 29. Qf3 Rf8 30. Qd3 Qf6 31. Rc2 Kg8 32. Qc4+ Kh8 33.
Rd2 Rd8 34. Qc7 a5 35. Qf4 Qxf4 36. gxf4 Rd5 37. Kg2 g5 38. Kf3 gxf4 39. Kxf4
Kg7 40. Ke4 Rh5 41. f4 Kf6 42. Kxd4 Kf5 43. Rf2 Ke6 44. f5+ Rxf5 45. Rxf5 Kxf5
1-0

[Event "Michigan Open Reserve"]
[Site "Lansing, MI"]
[Date "2002.09.02"]
[Round "6.20"]
[White "Raban, David"]
[Black "Ford, Adam"]
[Result "1-0"]
[WhiteElo "1608"]
[BlackElo "1232"]
[PlyCount "62"]
[EventDate "2002.08.30"]

1. d4 e6 2. e4 d5 3. e5 c5 4. c3 Nc6 5. Nf3 Qb6 6. Bd3 Bd7 7. dxc5 Bxc5 8. Qe2
Nge7 9. b4 Nxb4 10. cxb4 Bxb4+ 11. Bd2 d4 12. Bxb4 Qxb4+ 13. Qd2 Qc5 14. O-O
Bc6 15. Rc1 Qb6 16. Na3 Bxf3 17. Rab1 Qd8 18. gxf3 b6 19. Bb5+ Kf8 20. Bd3 Qd5
21. Be4 Qxe5 22. Bxa8 Qb8 23. Be4 f5 24. Qxd4 fxe4 25. Qxe4 Qd6 26. Qa8+ Kf7
27. Qxh8 Qxa3 28. Qxh7 Qxf3 29. Qh4 Nf5 30. Qg5 Qe4 31. Rc7+ Kg8 1-0

[Event "Michigan Open Booster"]
[Site "Lansing, MI"]
[Date "2002.09.02"]
[Round "6.9"]
[White "Pratt, Gary"]
[Black "Gregg, Ted"]
[Result "1-0"]
[WhiteElo "988"]
[BlackElo "1230"]
[PlyCount "57"]
[EventDate "2002.08.30"]

1. e4 d6 2. d4 Nf6 3. Nc3 g6 4. f4 Bg7 5. Nf3 c6 6. Be3 O-O 7. Bd3 Nbd7 8. Qd2
Ng4 9. Bg1 Nb6 10. e5 dxe5 11. fxe5 Nh6 12. O-O-O Nf5 13. g4 Nh6 14. h3 f5 15.
g5 Nf7 16. h4 h5 17. gxh6 Bxh6 18. Be3 Kg7 19. h5 e6 20. hxg6 Bxe3 21. Qxe3 Ng5
22. Nxg5 Kxg6 23. Rdg1 Nd5 24. Nxd5 Qxd5 25. Ne4+ Kf7 26. Rh7+ Ke8 27. Nd6+ Kd8
28. Qg5+ Rf6 29. Qxf6# 1-0

[Event "Michigan Open"]
[Site "Lansing, MI"]
[Date "2002.09.02"]
[Round "6.12"]
[White "Perkins, Michael"]
[Black "Kahn, Aaron"]
[Result "0-1"]
[WhiteElo "1584"]
[BlackElo "1821"]
[PlyCount "58"]
[EventDate "2002.08.30"]

1. b3 d5 2. Bb2 Nf6 3. Nf3 Bf5 4. g3 e6 5. Bg2 Be7 6. O-O h6 7. d3 Nbd7 8. Nbd2
O-O 9. h3 c6 10. Qe1 a5 11. e4 Bh7 12. Qe2 a4 13. e5 Ne8 14. Nh2 Qb6 15. Kh1
Nc7 16. f4 Nb5 17. Ndf3 axb3 18. axb3 Bc5 19. g4 Be3 20. f5 d4 21. f6 Rxa1 22.
Bxa1 Ra8 23. fxg7 Ra2 24. g5 Qa5 25. Bxd4 Bxd4 26. Nxd4 Nxd4 27. Qh5 Nf5 28.
Rxf5 exf5 29. e6 Ra1+ 0-1

[Event "Michigan Open"]
[Site "Lansing, MI"]
[Date "2002.09.02"]
[Round "7.7"]
[White "O'Donnell, Robert"]
[Black "Kahn, Aaron"]
[Result "1-0"]
[WhiteElo "2165"]
[BlackElo "1821"]
[Annotator "Don Vandivier"]
[PlyCount "41"]
[EventDate "2002.08.30"]

{Grunfeld: Russian (Hungarian)} 1. d4 Nf6 2. c4 g6 3. Nc3 d5 4. Nf3 Bg7 5. Qb3
dxc4 6. Qxc4 O-O 7. e4 Na6 8. Be2 c5 9. d5 e6 {Black plays into a line which
gives White a passed pawn. In theory Black should be able to equalize in this
line. However, Black is playing against Robert O'Donnell! Robert plays for
these kind of positions and is pretty good at exploiting them.} 10. O-O exd5
11. exd5 b6 12. Bg5 Nc7 13. Qh4 h6 {Black gives up the h-pawn in order to win
White's d-pawn.} 14. Bxh6 Nfxd5 15. Ng5 Nxc3 16. bxc3 Qf6 17. Bf3 Ba6 18. Bxg7
Qxg7 19. Rfe1 {Black has done well to rebuff White's attack. Unfortunately he
overlooks the Expert's trap...} Rad8 $2 {(DIAGRAM!)} ({After} 19... Rae8 {
Black is fine.}) 20. Nxf7 $3 Rd7 (20... Qxf7 21. Re7) 21. Nh6+ 1-0

[Event "Michigan Open Reserve"]
[Site "Lansing, MI"]
[Date "2002.09.02"]
[Round "7.15"]
[White "Nicolli, Randy"]
[Black "Kuczek, Kevin"]
[Result "1-0"]
[WhiteElo "1672"]
[BlackElo "1439"]
[PlyCount "63"]
[EventDate "2002.08.30"]

1. f4 d5 2. Nf3 Nf6 3. e3 e6 4. g3 Be7 5. Bg2 O-O 6. O-O b6 7. d3 Bb7 8. Nc3
Nbd7 9. Qe2 c5 10. e4 d4 11. Nd1 Qc7 12. Nf2 Ne8 13. Bd2 Nd6 14. e5 Nf5 15. Ne4
a5 16. g4 Nh6 17. Nfg5 Kh8 18. Bf3 Ng8 19. Qg2 h6 20. h4 hxg5 21. hxg5 g6 22.
Rf2 Kg7 23. Qh3 Rfe8 24. Rh2 Kf8 25. Qh8 Bxe4 26. Bxe4 Rab8 27. Rh7 Bxg5 28.
Qg7+ Ke7 29. Qxf7+ Kd8 30. fxg5 Rb7 31. Rf1 Ra7 32. Bxg6 1-0

[Event "Michigan Open"]
[Site "Lansing, MI"]
[Date "2002.09.02"]
[Round "7.8"]
[White "Nichols, Tony"]
[Black "Williams, Ron"]
[Result "1/2-1/2"]
[WhiteElo "1861"]
[BlackElo "1955"]
[PlyCount "95"]
[EventDate "2002.08.30"]

1. e4 Nc6 2. Bc4 Nf6 3. d3 e6 4. Nc3 Bc5 5. Nf3 O-O 6. O-O d5 7. exd5 exd5 8.
Bb3 Bg4 9. h3 Bh5 10. g4 Bg6 11. Bg5 Qd6 12. Bxf6 Qg3+ 13. Kh1 Qxh3+ 14. Nh2
gxf6 15. Nxd5 Rad8 16. Nxf6+ Kg7 17. Nh5+ Kh8 18. Nf4 Qh6 19. Ng2 f5 20. f4 Nd4
21. g5 Qh3 22. Qe1 Rfe8 23. Qh4 Qxh4 24. Nxh4 Re2 25. Nxg6+ hxg6 26. Rae1 Rde8
27. Nf3 Kg7 28. Rxe2 Nxe2 29. Rd1 Be3 30. Re1 Nxf4 31. d4 Kf8 32. Kh2 Kg7 33.
Kg3 Nh5+ 34. Kg2 f4 35. c3 Ng3 36. Ne5 Ne4 37. Nf3 Rh8 38. Bc2 Nd6 39. Ne5 Rh5
40. Nxg6 Nf7 41. Rh1 Rxh1 42. Kxh1 Bc1 43. b3 Ba3 44. b4 b5 45. Bd3 a6 46. c4
Bxb4 47. cxb5 a5 48. a4 1/2-1/2

[Event "Michigan Open Reserve"]
[Site "Lansing, MI"]
[Date "2002.09.02"]
[Round "7.4"]
[White "Nelson, Peter"]
[Black "West, Tony"]
[Result "0-1"]
[WhiteElo "1383"]
[BlackElo "1756"]
[PlyCount "138"]
[EventDate "2002.08.30"]

1. e4 c5 2. Nc3 e6 3. f4 d5 4. e5 Nc6 5. Nf3 Nge7 6. Bb5 a6 7. Bxc6+ Nxc6 8.
O-O Be7 9. d3 O-O 10. Qe1 b5 11. a3 f6 12. Qg3 b4 13. Ne2 Qb6 14. Be3 d4 15.
Bd2 Bd7 16. Rab1 Rab8 17. a4 c4 18. b3 c3 19. Bc1 Rf7 20. Kh1 Rbf8 21. h4 Qc5
22. Neg1 fxe5 23. fxe5 Rf5 24. Re1 Be8 25. Nh3 Bh5 26. Bh6 R8f7 27. Nhg5 Bxg5
28. Nxg5 Qe7 29. Nxf7 Qxf7 30. Kh2 Bg6 31. Bg5 h6 32. Bc1 Rf2 33. Bxh6 Kh7 34.
Bg5 Rxc2 35. Bf4 Qf5 36. Qf3 Ne7 37. h5 Bxh5 38. Qe4 Qxe4 39. Rxe4 Nc6 40. Ree1
Bf3 41. Rg1 Be2 42. Rgc1 Bxd3 43. Rd1 Be4 44. Rg1 d3 45. Rbe1 Bd5 46. Rb1 Nd4
47. Be3 Nf3+ 48. Kg3 Nxg1 49. Rxg1 Rxg2+ 50. Rxg2 Bxg2 51. Kf2 Bd5 52. Bc5 c2
53. Be3 Bxb3 54. Ke1 Bxa4 55. Kd2 Bb5 56. Bc5 a5 57. Bb6 a4 58. Bc5 b3 59. Ba3
Kg6 60. Bc1 Kf5 61. Bb2 Ke4 62. Bc1 g5 63. Kc3 g4 64. Bd2 g3 65. Be1 c1=Q+ 66.
Kb4 Qxe1+ 67. Kxb5 b2 68. Kc5 Qc3+ 69. Kb6 b1=Q+ 0-1

[Event "Michigan Open Reserve"]
[Site "Lansing, MI"]
[Date "2002.09.02"]
[Round "6.8"]
[White "Nelson, Peter"]
[Black "Steen, Harold"]
[Result "1-0"]
[WhiteElo "1383"]
[BlackElo "1642"]
[PlyCount "109"]
[EventDate "2002.08.30"]

1. d4 f5 2. Nc3 Nf6 3. Bg5 e6 4. f3 h6 5. Bh4 g5 6. Bf2 Bg7 7. e4 d6 8. Bd3 Nc6
9. Nge2 Nb4 10. a3 Nxd3+ 11. Qxd3 a6 12. O-O-O O-O 13. exf5 exf5 14. h4 Nh7 15.
hxg5 Qxg5+ 16. Kb1 c6 17. f4 Qf6 18. Ng3 b5 19. Nh5 Qf7 20. Nxg7 Qxg7 21. Bh4
Nf6 22. Bxf6 Rxf6 23. Rh3 Rg6 24. g3 a5 25. d5 b4 26. Ne2 c5 27. Qe3 Bd7 28.
Nc1 c4 29. Qd4 Qe7 30. axb4 axb4 31. Qxc4 Rb8 32. Rdh1 Kh7 33. Qd3 Qf6 34. g4
Kg8 35. Rxh6 Rxh6 36. g5 Rxh1 37. gxf6 Kf7 38. Qd4 b3 39. Qa7 bxc2+ 40. Kxc2
Rc8+ 41. Kb3 Rh3+ 42. Ka2 Rxc1 43. Qxd7+ Kxf6 44. Qxd6+ Kg7 45. Qe7+ Kg8 46.
Qg5+ Kh8 47. Qxf5 Rch1 48. d6 Rh5 49. Qf6+ Kh7 50. d7 Rd1 51. d8=Q Ra1+ 52.
Kxa1 Rh1+ 53. Ka2 Ra1+ 54. Kb3 Ra3+ 55. Kc2 1-0

[Event "Michigan Open Reserve"]
[Site "Lansing, MI"]
[Date "2002.09.02"]
[Round "7.5"]
[White "Moore, Robert"]
[Black "Gregory, Kevin"]
[Result "0-1"]
[WhiteElo "1609"]
[BlackElo "1770"]
[PlyCount "70"]
[EventDate "2002.08.30"]

1. e4 c5 2. Nf3 d6 3. d4 cxd4 4. Nxd4 Nf6 5. Nc3 g6 6. Be3 Bg7 7. Be2 Bd7 8. f3
Nc6 9. O-O O-O 10. Qd2 Rc8 11. Nb3 a6 12. Na4 Be6 13. Nb6 Rb8 14. c3 Nd7 15.
Nd5 b5 16. Rac1 Bxd5 17. Qxd5 Nce5 18. Qd2 Nb6 19. Bxb6 Qxb6+ 20. Kh1 Nc4 21.
Bxc4 bxc4 22. Nd4 Qxb2 23. Qxb2 Rxb2 24. Nc6 Bf6 25. Nb4 Rb8 26. Nxa6 R8b6 27.
Nb4 e6 28. h3 Bxc3 29. Rxc3 R6xb4 30. a3 R2b3 31. Rfc1 Rxc3 32. Rxc3 Ra4 33.
Kg1 d5 34. f4 d4 35. Rf3 c3 0-1

[Event "Michigan Open Reserve"]
[Site "Lansing, MI"]
[Date "2002.09.02"]
[Round "6.10"]
[White "Monge, Jeff"]
[Black "Nicolli, Randy"]
[Result "1-0"]
[WhiteElo "1575"]
[BlackElo "1672"]
[PlyCount "71"]
[EventDate "2002.08.30"]

1. d4 f5 2. g3 Nf6 3. Bg2 e6 4. c4 Be7 5. Nc3 O-O 6. e3 d6 7. Nf3 a6 8. a4 Qe8
9. b4 Nc6 10. b5 axb5 11. Nxb5 Bd8 12. Ba3 e5 13. dxe5 Nxe5 14. Nxe5 Qxe5 15.
O-O Ne4 16. Qc2 Bd7 17. Bb2 Qe8 18. Rfd1 Bxb5 19. cxb5 Rf7 20. Rd4 Bf6 21. Rxe4
fxe4 22. Bxf6 Rxf6 23. Bxe4 Qe5 24. Bxh7+ Kh8 25. Rc1 Raf8 26. Rf1 d5 27. Bd3
d4 28. exd4 Qxd4 29. Qe2 c5 30. a5 Rd6 31. Qh5+ Rh6 32. Qe2 Rd8 33. Bc4 Kh7 34.
a6 bxa6 35. bxa6 Rd7 36. Qa2 1-0

[Event "Michigan Open Reserve"]
[Site "Lansing, MI"]
[Date "2002.09.02"]
[Round "7.18"]
[White "McCarter, Robert"]
[Black "Watkins, Matthew"]
[Result "0-1"]
[WhiteElo "1667"]
[BlackElo "1438"]
[PlyCount "94"]
[EventDate "2002.08.30"]

1. d4 d5 2. Nf3 g6 3. Bf4 Bg7 4. e3 Nf6 5. c4 c6 6. Nbd2 O-O 7. h3 Qb6 8. Qb3
Nbd7 9. Be2 Qxb3 10. axb3 Nb6 11. O-O Re8 12. Ra2 Bf5 13. Rfa1 a6 14. Ne5 Nbd7
15. Nd3 Nh5 16. Bh2 Nhf6 17. g4 Bxd3 18. Bxd3 e5 19. dxe5 Nxe5 20. Bf1 Rad8 21.
Bxe5 Rxe5 22. Nf3 Re7 23. Rd1 Red7 24. Ne5 Rd6 25. c5 Re6 26. Nf3 Ne4 27. b4
Rde8 28. Bg2 h6 29. Rd3 Nf6 30. Nd4 R6e7 31. b3 Nd7 32. Re2 Ne5 33. Rdd2 Nd7
34. Kf1 Nf8 35. Ke1 Ne6 36. Bf3 Nxd4 37. exd4 Rxe2+ 38. Bxe2 Re4 39. f3 Rxd4
40. b5 axb5 41. Kd1 Rxd2+ 42. Kxd2 b4 43. Kd3 Kf8 44. f4 Ke7 45. Bf3 Kd7 46. f5
g5 47. Kc2 Bd4 0-1

[Event "Michigan Open Reserve"]
[Site "Lansing, MI"]
[Date "2002.09.02"]
[Round "6.12"]
[White "McAuliffe, Todd"]
[Black "Johnson, Johnny"]
[Result "1-0"]
[WhiteElo "1644"]
[BlackElo "1506"]
[PlyCount "87"]
[EventDate "2002.08.30"]

1. e4 c5 2. Nc3 d6 3. f4 Nf6 4. Nf3 a6 5. g3 b5 6. Bg2 Bb7 7. d3 e6 8. O-O Be7
9. a4 b4 10. Ne2 a5 11. c3 Qb6 12. Kh1 Nc6 13. h3 Rc8 14. Be3 Ba6 15. g4 g6 16.
Ng3 Nd7 17. f5 O-O 18. Rg1 Nde5 19. Ne1 Bh4 20. Bf1 Qb7 21. Qd2 Qe7 22. d4 Bxg3
23. dxe5 Bxf1 24. f6 Qd8 25. Rxg3 Nxe5 26. Qf2 Ba6 27. Rd1 Qc7 28. Bf4 Qc6 29.
Qc2 b3 30. Qg2 Bb7 31. Re3 Nc4 32. Re2 e5 33. Bh6 Rfe8 34. Qf2 Qxa4 35. Qh4
Nxb2 36. Bg7 Nxd1 37. Qh6 Nf2+ 38. Kg1 Nxh3+ 39. Kh2 Nf4 40. Nf3 Ne6 41. Kg3
Qa2 42. Nd2 Qc2 43. Qxh7+ Kxh7 44. Rh2+ 1-0